| 000 | 00995cam a2200193 4500 | ||
|---|---|---|---|
| 001 | X109837 | ||
| 008 | 000000n2000 000 0 eng u | ||
| 035 | _a(Sirsi) u109837 | ||
| 245 | _aR v National Assembly for Wales ex p Robinson | ||
| 260 | _c2000 | ||
| 490 |
_aProperty, Planning and Compensation Reports _v[2000] 79 P&CR 348-361(14) |
||
| 520 | _aQBD 11 April 2000. Real property. Definitive map identified footpath as public right of way in. Statutory requirements of publication compiled with. Application under Wildlife and Countryside Act 1981 s53(5) for deletion of footpath from map. Application refused by respondent council. Appeal to National Assembly for Wales dismissed. Whether decision reasonable in law on evidence [Taken from journal headnote]. | ||
| 650 | _aR V NATIONAL ASSEMBLY FOR WALES EX P ROBINSON | ||
| 650 | _aPUBLIC RIGHT OF WAY | ||
| 650 | _aWILDLIFE AND COUNTRYSIDE ACT 1981 S53 | ||
| 650 | _aFOOTPATH | ||
| 690 |
_aBoundary disputes _96221 |
||
| 942 | _n0 | ||
| 999 |
_c65538 _d65538 |
||